000 00956nam0a2200313 4500
001 RU\NLR\bibl\57499
005 20250616090310.0
010 _a5-88449-026-7
_91500
021 _aRU
_b98-48455
_92337
035 _a(NLR Aleph) 000056062
090 _a303053
_c303053
100 _a19991109d1998 |||y0rusy50 ca
101 0 _arus
102 _aRU
105 _ay |||||||||
200 1 _aХлебный бунт
_eПоэма
_fВиктор Сапов
210 _aБарнаул
_cАлтай
_d1998
215 _a111 с.
_d20
686 _aШ6(2=Р)75-51
700 1 _4070
_7ca
_8rus
_aСапов
_bВ. Г.
_cжурналист, писатель
_f1940-2005
_gВиктор Григорьевич
_9267337
_3RU\NLR\AUTH\770267393
801 0 _aRU
_bNLR
_c19991109
_gPSBO
801 1 _aRU
_bNLR
_c19991109
830 _aавт.по кн.
852 _aNLR
_j99-3/14273
942 _cBOOK
980 _aNB